| LEADER |
00891nam0a2200193 450 |
| 001 |
16846589 |
| 010 |
|
|
|a 978-2-221-27263-3
|b br.
|d 16,5
|
| 100 |
|
|
|a 20231011d2024 u u0frey01 ba
|
| 101 |
0 |
|
|a fre
|
| 102 |
|
|
|a FR
|
| 200 |
0 |
|
|a Identité nomade
|f J.M.G. Le Clézio
|
| 207 |
|
1 |
|a
|
| 210 |
|
|
|a Paris
|c R. Laffont
|d 2024
|
| 215 |
|
|
|a 1 vol. (135 p.)
|d 20 x 14 cm
|
| 330 |
|
|
|a L'écrivain retrace son parcours, révélant son identité multiple, qui a forgé son rapport au monde si singulier et l'a éveillé à l'écriture : ses ancêtres bretons échoués sur l'île Maurice, sa famille mauricienne, son père britannique, sa seconde enfance nigériane, etc. Electre 2024
|
| 700 |
|
0 |
|a Le Clézio
|b J.M.G.
|c Auteur du texte
|4 70
|
| 900 |
|
|
|a Documentaire
|
| 901 |
|
|
|a Accessible au prêt
|
| 995 |
|
|
|a Bibliothèque
|c Bibliothèque
|f 00156011593001
|h 00156011593001
|k 840 LEC
|o p
|q a
|r az
|e Bibliothèque
|